| 000 | 00726cam a2200253 4500 | ||
|---|---|---|---|
| 999 |
_c9702 _d9702 |
||
| 001 | 9702 | ||
| 003 | BD-JhCC | ||
| 005 | 20180322170759.0 | ||
| 008 | 180322s1948 enk bd 000 0 eng | ||
| 035 | _a(BD-JhCC)9702 | ||
| 040 |
_aDLC _cDLC _dDLC _dBD-JhCC |
||
| 041 | _aeng | ||
| 050 | 0 | 0 |
_aPN6421 _b.S6 1948 |
| 082 | 0 | 0 |
_a398.9 _bSMI 1948 |
| 100 | 1 | _aSmith, William George. | |
| 245 | 1 | 4 |
_aThe Oxford dictionary of English proverbs / _cWith an introd. by Janet E. Heseltine. |
| 250 | _a2d ed., rev. throughout | ||
| 260 |
_aOxford : _bClarendon Press, _c1948. |
||
| 300 |
_axxxi, 740 p. _c24 cm. |
||
| 650 | 0 | _aProverbs, English. | |
| 700 | 1 |
_aHarvey, Paul, _cSir, _d1869-1948, |
|
| 942 |
_2ddc _cBK |
||